Noam Chomsky, ChatGPT et la banalité du mal (notice n° 1842685)

détails MARC
000 -LEADER
fixed length control field 00648cam a2200217 4500500
005 - DATE AND TIME OF LATEST TRANSACTION
control field 20260329005349.0
041 ## - LANGUAGE CODE
Language code of text/sound track or separate title fre
042 ## - AUTHENTICATION CODE
Authentication code dc
100 10 - MAIN ENTRY--PERSONAL NAME
Personal name Legros, Martin
Relator term author
245 00 - TITLE STATEMENT
Title Noam Chomsky, ChatGPT et la banalité du mal
260 ## - PUBLICATION, DISTRIBUTION, ETC.
Date of publication, distribution, etc. 2023.<br/>
500 ## - GENERAL NOTE
General note 1
690 ## - LOCAL SUBJECT ADDED ENTRY--TOPICAL TERM (OCLC, RLIN)
Topical term or geographic name as entry element Banalité du mal
690 ## - LOCAL SUBJECT ADDED ENTRY--TOPICAL TERM (OCLC, RLIN)
Topical term or geographic name as entry element ChatGPT
690 ## - LOCAL SUBJECT ADDED ENTRY--TOPICAL TERM (OCLC, RLIN)
Topical term or geographic name as entry element Intelligence Artificielle
690 ## - LOCAL SUBJECT ADDED ENTRY--TOPICAL TERM (OCLC, RLIN)
Topical term or geographic name as entry element Martin Legros
690 ## - LOCAL SUBJECT ADDED ENTRY--TOPICAL TERM (OCLC, RLIN)
Topical term or geographic name as entry element Noam Chomsky
690 ## - LOCAL SUBJECT ADDED ENTRY--TOPICAL TERM (OCLC, RLIN)
Topical term or geographic name as entry element Outil
786 0# - DATA SOURCE ENTRY
Note Philosophie magazine | 169 | 5 | 2023-05-01 | p. 9-9 | 1951-1787
856 41 - ELECTRONIC LOCATION AND ACCESS
Uniform Resource Identifier <a href="https://shs.cairn.info/magazine-philosophie-magazine-2023-5-page-9?lang=fr&redirect-ssocas=7080">https://shs.cairn.info/magazine-philosophie-magazine-2023-5-page-9?lang=fr&redirect-ssocas=7080</a>

Pas d'exemplaire disponible.

PLUDOC

PLUDOC est la plateforme unique et centralisée de gestion des bibliothèques physiques et numériques de Guinée administré par le CEDUST. Elle est la plus grande base de données de ressources documentaires pour les Étudiants, Enseignants chercheurs et Chercheurs de Guinée.

Adresse

627 919 101/664 919 101

25 boulevard du commerce
Kaloum, Conakry, Guinée

Réseaux sociaux

Powered by Netsen Group @ 2025